Statistics for Faye Dunaway Filmography

Click here to take the quiz!

General Stats

  • This quiz has been taken 12 times
    (3 since last reset)
  • The average score is 11 of 125

Answer Stats

Type Year Name % Correct
Film1974Chinatown
100%
Film1967Bonnie and Clyde
100%
Film1976Network
100%
Film1981Mommie Dearest
100%
Film1975Three Days of the Condor
67%
TV Film1976The Disappearance of Aimee
67%
TV Film1989Cold Sassy Tree
33%
Film1987Barfly
33%
TV Film1986Beverly Hills Madam
33%
Film1984Supergirl
33%
TV Film1971The Woman I Love
33%
Film1979The Champ
33%
TV Show2001Touched by an Angel
33%
Film1978Eyes of Laura Mars
33%
Film1996The Chamber
33%
Film1974The Towering Inferno
33%
Film1996Dunston Checks In
33%
Film1980The First Deadly Sin
33%
Film2017The Case for Christ
33%
Film1968The Thomas Crown Affair
33%
Film1970Little Big Man
33%
Film1969The Arrangement
33%
Film1967Hurry Sundown
33%
Film2009The Magic Stone
0%
TV Show2002-2003Alias
0%
TV Film2002The Biographer
0%
Film2002The Calling
0%
Film2002The Rules of Attraction
0%
Film2002Changing Hearts
0%
TV Show2001Soul Food
0%
Film2017Inconceivable
0%
Short Film2001The Yellow Bird
0%
TV Film2000Running Mates
0%
Film2000Stanley's Gig
0%
Film2003Blind Horizon
0%
Film2000The Yards
0%
Film1999The Messenger: The Story of Joan of Arc
0%
Film1999Love Lies Bleeding
0%
TV Film1998Gia
0%
TV Mini-Series1998A Will of Their Own
0%
TV Mini-Series1997Rebecca
0%
Film1997In Praise of Older Women
0%
Theater1996-1998Master Class
0%
TV Film1996The People Next Door
0%
TV Documentary2017Faye Dunaway: Live from the TCM Classic Film Festival
0%
Film2017The Bye Bye Man
0%
Film2004El Padrino
0%
TV Show2016Documentary Now!
0%
TV Show2009Grey's Anatomy
0%
Film2009Balladyna
0%
Film2008The Rage
0%
TV Mini-Series2007Pandemic
0%
Film2007The Gene Generation
0%
Film2007Say It in Russian
0%
Film2007Cougar Club
0%
Film200921 and a Wake-Up
0%
TV Show2006CSI: Crime Scene Investigation
0%
Film2006Cut Off
0%
TV Film2009Midnight Bayou
0%
Film2004Last Goodbye
0%
Film1996The Twilight of the Golds
0%
TV Film2010A Family Thanksgiving
0%
Film2006Rain
0%
Film2006Love Hollywood Style
0%
Film2005Ghosts Never Sleep
0%
TV Film2004Back When We Were Grownups
0%
TV Film2004Anonymous Rex
0%
Music Video2010I Heard
0%
Film2004Jennifer's Shadow
0%
Film2008Flick
0%
Theater1962-1963A Man for All Seasons
0%
TV Film1992Double Edge
0%
Film1996Albino Alligator
0%
Film1971Doc
0%
TV Film1982The Country Girl
0%
TV Film1981Evita PerĂ³n
0%
Film1976Voyage of the Damned
0%
Film1974The Four Musketeers
0%
Theater1973A Streetcar Named Desire
0%
Film1973The Three Musketeers
0%
Film1973Oklahoma Crude
0%
Theater1972Old Times
0%
Theater1971Candida
0%
TV Show1971Great Performances
0%
Film1971The Deadly Trap
0%
Film1983The Wicked Lady
0%
Film1970Puzzle of a Downfall Child
0%
Film1969The Extraordinary Seaman
0%
Film1968A Place for Lovers
0%
Film1967The Happening
0%
TV Show1966The Trials of O'Brien
0%
Theater1965-1967Hogan's Goat
0%
Theater1965Tartuffe
0%
TV Show1965Seaway
0%
Theater1964-1965After the Fall
0%
Theater1964The Changeling
0%
Theater1982The Curse of an Aching Heart
0%
Film1984Ordeal by Innocence
0%
TV Show1995Road to Avonlea
0%
TV Film1990Silhouette
0%
TV Film1995A Family Divided
0%
Film1995Drunks
0%
Film1994Don Juan DeMarco
0%
TV Show1993Columbo
0%
TV Show1993It Had to Be You
0%
Film1993The Temp
0%
Film1993Arizona Dream
0%
Theater1964But for Whom Charlie
0%
Music Video1991Into the Great Wide Open
0%
Film1991Scorchers
0%
Film1990The Two Jakes
0%
TV Mini-Series1984Ellis Island
0%
Film1990The Handmaid's Tale
0%
Film1989Wait Until Spring, Bandini
0%
Film1989Crystal or Ash, Fire or Wind, as Long as It's Love
0%
Film1988Burning Secret
0%
Film1988The Gamble
0%
Film1988Midnight Crossing
0%
TV Film1987Casanova
0%
Theater1986Circe and Bravo
0%
TV Film1985Thirteen at Dinner
0%
TV Mini-Series1985Christopher Columbus
0%
Theater2019Tea at Five
0%

Score Distribution

Percentile by Number Answered

Percent of People with Each Score

Your Score History

You have not taken this quiz since the last reset